01518nam a2200301 a 450000100100000000500170001000800410002702000180006804000250008604100130011108200150012410000350013924502360017426000400041030000360045050000250048650000330051159000270054470000550057170000310062670000350065770000420069295201190073495201130085395201190096695201140108599900170119900004863220260305073959.0190404s2014 dr ac 000 0 spa d a9789945008739 aDO-SdBNPbspacBNPHU1 aspabeng axxxbG377v1 aGerón, Candido,d1948-9357710a24 maestros del arte dominicano = 24 masters of the dominican art /cCándido Gerón, Luis Desangles Sibilly, Abelardo Rodríguez Urdaneta...[et al] ; traducción John Miller ; fotografía Cándido Alexander Araújo Batista. aSanto Domingo :bCentenario,c2014. a280 p. :bil., retrs. ;c31 cm. aLibro de pasta dura. aLibro en español e ingles. aInventariado, 2019/ YL12aAraújo Batista, Cándido Alexanderefot.97605812aMiller, Johnetrad.97607912aDesangles Sibilly, Luis97608012aRodríguez Urbaneta, Abelardo976081 0010718DSaGRbGRcCTd2019-04-04iLF1l0oxxx G377vp48632-30r2020-06-25te. 3w2020-06-25yLFDSZNo se presta 0010718PDaPDbPDcCTd2019-04-04iLF1l0oxxx G377vp48632-10r2020-06-25w2020-06-25yLFPDZNo se presta 0010718PDaPDbPDcCTd2019-04-04iLF1l0oxxx G377vp48632-20r2020-06-25te. 2w2020-06-25yLFPDZNo se presta 00107-18PDaPDbPDcOId2019-04-04iLF1l0oxxx G377vp48633-10r2020-06-25w2020-06-25yLFPDZNo se presta c48120d48120